000 00325nam a22001337a 4500
082 _a823
_bSHA/F
100 _aSHANTI PUBLICATIONS
245 _aFAMOUS FOLK TALES
246 _aFAMOUS FOLK TALES
_bFAMOUS FOLK TALES
260 _aNEW DELHI
_bSHANTI PUBLICATION
_c2018
300 _a24
650 _aENGLISH STORIES
942 _cBK
999 _c8951
_d8951